ECTS information package study programme for BSc degree and MSc degree : academic year ...

Bibliographic Details
Corporate Author: Žilinská univerzita v Žiline. Fakulta špeciálneho inžinierstva
Other Authors: Slepecký, Jaroslav, 1957- (Compiler), Máca, Jaromír, 1943- (Compiler), Seidl, Miloslav, 1949- (Compiler), Horáček, Jiří (Compiler), Olšar, Ladislav, 1951- (Compiler), Reitšpís, Josef, 1954- (Compiler), Hodásová, Andrea (Compiler)
Format: Serial
Language:English
PhysicalDescription:1 zv. 25 cm
Published: Žilina Faculty of special engineering of the University of Žilina 2001-2002
ISBN:8088829682 (brož. : r. 2001/2002)
Subjects:

MARC

LEADER 00000cas a2200000 a 4500
001 vtls001443580
003 SK-MaSNL
005 20260228160647.0
008 160415d20012002xo ar| r 0 0 0eng
015 |a SNBE2002/04-02152 (r. 2001/2002) 
020 |a 8088829682 (brož. : r. 2001/2002) 
035 |a SNK000398805 
040 |a SNK  |b slo  |c SNK  |e AACR2 
041 0 |a eng 
044 |a xo  |c SK 
072 7 |a 371  |x Školstvo (organizácia)  |2 konspekt 
072 7 |a 371.214  |2 2001 
080 |a (036)  |2 2011 
080 |a 050  |2 2011 
110 2 |a Žilinská univerzita v Žiline.  |b Fakulta špeciálneho inžinierstva  |9 123880 
245 1 |a ECTS information package  |b study programme for BSc degree and MSc degree : academic year ...  |c [zostavovateľ: Jaroslav Slepecký] 
260 |a Žilina  |b Faculty of special engineering of the University of Žilina  |c 2001-2002 
300 |a 1 zv.  |c 25 cm 
500 |a Súčasťou názvu je označenie akademického roku 
650 0 7 |a študijné programy  |2 SNKPH  |9 75147 
655 7 |a informačné publikácie  |2 SNKPH  |9 70181 
700 1 |a Slepecký, Jaroslav,  |d 1957-  |4 com  |9 218799 
700 1 |a Máca, Jaromír,  |d 1943-  |4 com  |9 37537 
700 1 |a Seidl, Miloslav,  |d 1949-  |4 com  |9 224016 
700 1 |a Horáček, Jiří  |4 com  |9 5461 
700 1 |a Olšar, Ladislav,  |d 1951-  |4 com  |9 224013 
700 1 |a Reitšpís, Josef,  |d 1954-  |4 com  |9 224015 
700 1 |a Hodásová, Andrea  |4 com  |9 267081 
710 2 |a Žilinská univerzita v Žiline.  |b Fakulta špeciálneho inžinierstva  |4 pbl  |9 123880 
910 |a snk 
919 |a 80-88829-68-2 
999 |c 3239  |d 5169 
952 |0 0  |1 0  |4 0  |7 0  |a SNK  |b SNK  |d 2002-11-07  |i snkKSP 13593/2002  |l 0  |o snkČSC 3317/2001-2002  |p 17A0363136  |r 2005-01-02 00:00:00  |w 2026-02-21  |y PREZ 
952 |0 0  |1 0  |4 0  |7 0  |a SNK  |b SNK  |d 2002-11-07  |i snkKSP 13594/2002  |l 0  |o snkČSC 3317/2001-2002 D1  |p 17A0363137  |r 2005-01-02 00:00:00  |w 2026-02-21  |y PREZ